01314nam a22003377a 4500003000500000005001700005008004100022010001000063011001000073035001000083040000900093090001000102100004700112245014700159260004100306300001000347502009000357590003700447590004100484590004100525590004100566590004200607650003700649650004400686650004800730901000700778942001000785949003600795999001700831952012800848CHAP20220329140144.0971013s1981 r 00010 d a47808 a48780 a52926 cCHAP aTesis00aSaldívar Perales, Juan Santiago.9101548 aFactibilidad económica de la fertilización nitrogenada en la produución de cártamo (Carthamus tinctorius L.) en Salinas Victoria, N.L. a(Monterrey, N.L.) :bEl autor,c1981 a66 h. aTesis (Ing. Agr. Administrador) --ITESM. Div. de Ciencias Agropecuarias y Marítimas aALEPHb10c20130110lUCH01h1318 aBATCH-UPDb10c20130110lUCH01h2058 aBATCH-UPDb10c20130410lUCH01h1411 aBATCH-UPDb10c20130914lUCH01h0507 aCONVERSIONb10c20130109lUCH01h132614aAzafrancilloxRendimiento.9907514aFertilizantes para azafrancillo.94060414aNitrógenoxEfecto en azafrancillo.981411 aBK cTESIS bBCcTESd-117613eTS1i52926si c47808d47808 00102local4051708TESISaBCbBCcPA_TESISd2012-12-17fTESISl0oTesisp-117613r2019-12-31 00:00:00w2019-12-31yTESIS